<?xml version="1.0" encoding="UTF-8"?><?xml-stylesheet type="text/xsl" href="static/style.xsl"?><OAI-PMH xmlns="http://www.openarchives.org/OAI/2.0/" xmlns:xsi="http://www.w3.org/2001/XMLSchema-instance" xsi:schemaLocation="http://www.openarchives.org/OAI/2.0/ http://www.openarchives.org/OAI/2.0/OAI-PMH.xsd"><responseDate>2026-06-30T14:19:36Z</responseDate><request verb="GetRecord" identifier="oai:docta.ucm.es:20.500.14352/92720" metadataPrefix="marc">https://docta.ucm.es/rest/oai/request</request><GetRecord><record><header><identifier>oai:docta.ucm.es:20.500.14352/92720</identifier><datestamp>2025-03-18T12:43:29Z</datestamp><setSpec>com_20.500.14352_1</setSpec><setSpec>col_20.500.14352_5</setSpec></header><metadata><record xmlns="http://www.loc.gov/MARC21/slim" xmlns:dcterms="http://purl.org/dc/terms/" xmlns:xsi="http://www.w3.org/2001/XMLSchema-instance" xmlns:doc="http://www.lyncode.com/xoai" xsi:schemaLocation="http://www.loc.gov/MARC21/slim http://www.loc.gov/standards/marcxml/schema/MARC21slim.xsd">
   <leader>00925njm 22002777a 4500</leader>
   <datafield ind2=" " ind1=" " tag="042">
      <subfield code="a">dc</subfield>
   </datafield>
   <datafield ind2=" " ind1=" " tag="720">
      <subfield code="a">Taranilla García, Raquel</subfield>
      <subfield code="e">author</subfield>
   </datafield>
   <datafield ind2=" " ind1=" " tag="720">
      <subfield code="a">Duque Gómez, Eladio Alberto</subfield>
      <subfield code="e">author</subfield>
   </datafield>
   <datafield ind2=" " ind1=" " tag="720">
      <subfield code="a">Maldonado González, María Concepción</subfield>
      <subfield code="e">author</subfield>
   </datafield>
   <datafield ind2=" " ind1=" " tag="720">
      <subfield code="a">Garrido Medina, Joaquín César</subfield>
      <subfield code="e">author</subfield>
   </datafield>
   <datafield ind2=" " ind1=" " tag="720">
      <subfield code="a">González Santolalla, Miriam</subfield>
      <subfield code="e">author</subfield>
   </datafield>
   <datafield ind2=" " ind1=" " tag="720">
      <subfield code="a">Peña Arce, Jaime</subfield>
      <subfield code="e">author</subfield>
   </datafield>
   <datafield ind2=" " ind1=" " tag="720">
      <subfield code="a">Sánchez Moraga, Lucía Teresa</subfield>
      <subfield code="e">author</subfield>
   </datafield>
   <datafield ind2=" " ind1=" " tag="260">
      <subfield code="c">2023</subfield>
   </datafield>
   <datafield ind2=" " ind1=" " tag="520">
      <subfield code="a">Este proyecto de innovación ha tenido como objetivo que el alumnado de la asignatura de Lengua Española de la Facultad de Ciencias de la Información adquiera las competencias lingüísticas necesarias para la escritura de textos multimodales eficaces y de calidad. Es un hecho que la Sociedad de la Información y el Conocimiento se construye sobre textos que incorporan recursos multimodales (audios, imágenes, vídeos, emoticonos, gráficos, etc. (Bateman 2008, Rowsell 2013). Ello es particularmente cierto en los textos que atañen al estudiantado de la Facultad de Ciencias de la Información, tanto durante su trayectoria académica como en su futuro desarrollo profesional. Ahora bien, adquirir ese tipo de recursos exige un dominio de ciertas competencias de escritura que a menudo, de acuerdo con nuestra experiencia docente previa, representan una dificultad seria para nuestro alumnado.
Por ello, se propone aquí una experiencia docente que, en su segundo año consecutivo, incluye (i) el conocimiento profundo de los recursos propios de la escritura multimodal, (ii) la puesta en práctica de esos recursos y (iii) la evaluación final de la calidad de los textos multimodales elaborados en el aula.</subfield>
   </datafield>
   <datafield ind1="8" ind2=" " tag="024">
      <subfield code="a">https://hdl.handle.net/20.500.14352/92720</subfield>
   </datafield>
   <datafield ind1="8" ind2=" " tag="024">
      <subfield code="a">299</subfield>
   </datafield>
   <datafield ind2="0" ind1="0" tag="245">
      <subfield code="a">Adquisición de competencias lingüísticas  para la escritura de textos multimodales (II)</subfield>
   </datafield>
</record></metadata></record></GetRecord></OAI-PMH>